000 00897nam0a22002411 4500
001 rc\625939
005 20250621190230.0
035 _a(NLR Aleph) 005868504
090 _a5953785
_c5953785
100 _a20031121d1986 |||y0rusy50 ca
101 0 _arus
102 _aRU
105 _aa |||||||||
200 1 _aСовершенствование планирования и организации материально-технического обеспечения производственных объединений
210 _aЛ.
_cМашиностроение. Ленингр. отд-ние
_d1986
215 _a246, [1] с.
_cил.
_d22
320 _aБиблиогр.: с. 244-245 (47 назв.)
700 1 _aИнютина
_bК.В.
_gКлара Васильевна
801 0 _aRU
_bNLR
_gpsbo
801 1 _aRU
_bELAR
_2rusmarc
852 _aNLR
_j87-5/356
942 _cBOOK
980 _aNB